000 00441nam a2200181Ia 4500
001 24253
005 20260414151031.0
008 260414t2008||||xx |||||||||||||| ||spa||
041 _aESP
082 _a345.2
_bB119
100 _aBaytelman A., Andrés
_eAUT
245 0 _aLitigación penal :
_bjuicio oral y prueba
260 _c2008
300 _a434 páginas :
_c21 cm.
650 _aDER
654 _aCDE
942 _cLIB
_dJUS
_fJUS
_2ddc
_n
999 _c24253
_d24253